| 000 | 01379cam a2200373 i 4500 | ||
|---|---|---|---|
| 001 | 23030382 | ||
| 005 | 20250627122730.0 | ||
| 008 | 230322t20232023nyu b 001 0 eng | ||
| 010 | _a 2023935134 | ||
| 020 |
_a9780198886617 _q(hardback ; _qalk. paper) |
||
| 020 | _z9780191994388 | ||
| 020 | _z9780198886624 | ||
| 020 |
_z9780198886631 _q(epub) |
||
| 040 |
_aDLC _beng _erda _cDLC |
||
| 042 | _apcc | ||
| 043 | _anwht--- | ||
| 050 | 0 | 0 |
_aJZ6374 _b.P56 2023 |
| 082 |
_a341.584 _bPIN 2023 |
||
| 100 | 1 |
_aPingeot, Lou, _eauthor. _9129259 |
|
| 245 | 1 | 0 |
_aPolice peacekeeping : _bthe UN, Haiti, and the production of global social order / _cLou Pingeot. |
| 264 | 1 |
_aOxford, United Kingdom ; _aNew York : _bOxford University Press, _c[2023] |
|
| 264 | 4 | _c©2023 | |
| 300 |
_axi, 292 pages ; _c24 cm _bphotocopy; |
||
| 336 |
_atext _btxt _2rdacontent |
||
| 337 |
_aunmediated _bn _2rdamedia |
||
| 338 |
_avolume _bnc _2rdacarrier |
||
| 504 | _aIncludes bibliographical references (pages 255-287) and index. | ||
| 610 | 2 | 0 |
_aUnited Nations _xPeacekeeping forces _zHaiti. _9129260 |
| 650 | 0 |
_aInternational police _zHaiti. _9129261 |
|
| 651 | 0 |
_aHaiti _xSocial conditions _y21st century. _9129262 |
|
| 906 |
_a7 _bcbc _corignew _d2 _eepcn _f20 _gy-gencatlg |
||
| 942 |
_2ddc _cBK |
||
| 999 |
_c613944 _d613944 |
||